Score 0/20 Timer 05:00
0 Plays Today
% Correct
Céline Dion
94.2%
Avril Lavigne
90.1%
Alanis Morissette
88.1%
Pamela Anderson
86.1%
Mike Myers
85.6%
Ryan Gosling
83.8%
Drake
79.6%
Rachel McAdams
77.1%
Sarah McLachlan
76.4%
Neil Young
74.2%
% Correct
James Cameron
71.9%
Eugene Levy
70.8%
Michael Cera
70.3%
Rick Moranis
70.1%
Norm MacDonald
66.1%
Nathan Fillion
64.7%
Corey Haim
55.1%
Anna Paquin
53.5%
Carrie-Anne Moss
52.8%
Estella Warren
41.8%
Remove Ads.
Support Sporcle.
Get the best of Sporcle when you Go Orange. This ad-free experience offers more features, more stats, and more fun while also helping to support Sporcle. Thank you for becoming a member.

You're not logged in!

Compare scores with friends on all Sporcle quizzes.
OR
Log In

Show Comments

Extras

Top Quizzes Today


Score Distribution

Your Account Isn't Verified!

In order to create a playlist on Sporcle, you need to verify the email address you used during registration. Go to your Sporcle Settings to finish the process.

Report this User

Report this user for behavior that violates our Community Guidelines.

Details: